000
00319 a2200145 4500
001
168499
020
_a
040
_c
Magnum
100
_a
Kleiman, Angela B. (Org.)
240
1
0
_a
Os significados do letramento
_l
por
245
1
0
_a
Os significados do letramento
362
0
_a
1899
697
_a
ENSINO
942
_c
BK
999
_c
168499
_d
168499